Detalles MARC
| 000 -CABECERA |
| campo de control de longitud fija |
00942nam a2200229 a 4500 |
| 001 - NÚMERO DE CONTROL |
| campo de control |
000047503 |
| 003 - IDENTIFICADOR DEL NÚMERO DE CONTROL |
| campo de control |
OSt |
| 005 - FECHA Y HORA DE LA ÚLTIMA TRANSACCIÓN |
| campo de control |
20201006150340.0 |
| 008 - DATOS DE LONGITUD FIJA--INFORMACIÓN GENERAL |
| campo de control de longitud fija |
180612s1925 dr 000 0 spa d |
| 040 ## - FUENTE DE LA CATALOGACIÓN |
| Centro catalogador/agencia de origen |
DO-SdBNP |
| Lengua de catalogación |
spa |
| Centro/agencia transcriptor |
BNPHU |
| 082 #4 - NÚMERO DE LA CLASIFICACIÓN DECIMAL DEWEY |
| Número de clasificación |
731.76 |
| Número de documento/Ítem |
F237m |
| 245 00 - MENCIÓN DE TÍTULO |
| Título |
Faro Monumental de Colón : |
| Resto del título |
primer homenaje universal al descubridor de América. |
| 246 #3 - FORMA VARIANTE DE TÍTULO |
| Título propio/Titulo breve |
Primer homenaje universal a Cristóbal Colón |
| 260 ## - PUBLICACIÓN, DISTRIBUCIÓN, ETC. |
| Lugar de publicación, distribución, etc. |
Santo Domingo : |
| Nombre del editor, distribuidor, etc. |
Junta Nacional Colombina, |
| Fecha de publicación, distribución, etc. |
1925. |
| 300 ## - DESCRIPCIÓN FÍSICA |
| Extensión |
[16] p. ; : |
| Otras características físicas |
ils. ; |
| Dimensiones |
22 cm. |
| 500 ## - NOTA GENERAL |
| Nota general |
Proyecto patrocinado por el gobierno de la República Dominicana y recomendado por la 5a. Conferencia Internacional Panamericana |
| 590 ## - NOTA LOCAL (RLIN) |
| Nota local |
Inventariado, 2019/VM |
| 600 14 - PUNTO DE ACCESO ADICIONAL DE MATERIA--NOMBRE DE PERSONA |
| Nombre de persona |
Colón, Cristóbal, |
| Subdivisión general |
Monumentos |
| Subdivisión geográfica |
República Dominicana |
| 9 (RLIN) |
76769 |
| 711 2# - PUNTO DE ACCESO ADICIONAL--NOMBRE DE REUNIÓN/CONGRESO |
| Nombre de congreso/reunión o jurisdicción como elemento de entrada |
International American Conference |
| Fecha del congreso/reunión |
(5 : 1923 : |
| Sede del congreso/Lugar de la reunión |
Santiago de Chile) |
| 9 (RLIN) |
76770 |
| 910 ## - DATOS DE OPCIÓN DEL USUARIO (OCLC) |
| Datos de opción del usuario |
Validado, Control de calidad, MFF |
| 942 ## - ELEMENTOS DE PUNTO DE ACCESO ADICIONAL (KOHA) |
| Fuente del sistema de clasificación o colocación |
Dewey Decimal Classification |
| Tipo de ítem Koha |
Libros y folletos |